<?xml version="1.0" encoding="UTF-8"?>
<record
    xmlns:xsi="http://www.w3.org/2001/XMLSchema-instance"
    xsi:schemaLocation="http://www.loc.gov/MARC21/slim http://www.loc.gov/standards/marcxml/schema/MARC21slim.xsd"
    xmlns="http://www.loc.gov/MARC21/slim">

  <leader>02209cam a2200385   4500500</leader>
  <controlfield tag="005">20260329010406.0</controlfield>
  <datafield tag="041" ind1=" " ind2=" ">
    <subfield code="a">fre</subfield>
  </datafield>
  <datafield tag="042" ind1=" " ind2=" ">
    <subfield code="a">dc</subfield>
  </datafield>
  <datafield tag="100" ind1="1" ind2="0">
    <subfield code="a">Santiago Pedregosa, Lawrence</subfield>
    <subfield code="e">author</subfield>
  </datafield>
  <datafield tag="245" ind1="0" ind2="0">
    <subfield code="a">Traces of Secularization in Philippine Catholic Church History</subfield>
  </datafield>
  <datafield tag="260" ind1=" " ind2=" ">
    <subfield code="c">2024.
							</subfield>
  </datafield>
  <datafield tag="500" ind1=" " ind2=" ">
    <subfield code="a">46</subfield>
  </datafield>
  <datafield tag="520" ind1=" " ind2=" ">
    <subfield code="a">This article develops a postcolonial genealogy of secularization in Philippine Catholicism across Spanish, American, and post-colonial periods. Unlike the sharp religious decline in Western societies, it reflects a cultural-theological reconfiguration and evolving moral agency shaped by nationalist, political, and sexual ethical struggles. The study proposes a Catholic response rooted in historical accountability, dialogical authority, and pastoral inclusivity in today&#x2019;s pluralistic society.</subfield>
  </datafield>
  <datafield tag="520" ind1=" " ind2=" ">
    <subfield code="a">Cet article offre une g&#xE9;n&#xE9;alogie postcoloniale de la s&#xE9;cularisation du catholicisme philippin durant les p&#xE9;riodes espagnole, am&#xE9;ricaine et post-coloniale. La s&#xE9;cularisation refl&#xE8;te une reconfiguration culturelle et th&#xE9;ologique et une &#xE9;volution de l&#x2019;agentivit&#xE9; morale fa&#xE7;onn&#xE9;e par les luttes &#xE9;thiques nationalistes, politiques et sexuelles. Cette &#xE9;tude propose une r&#xE9;ponse catholique enracin&#xE9;e dans la responsabilit&#xE9; historique, l&#x2019;autorit&#xE9; dialogique et l&#x2019;inclusion pastorale dans la soci&#xE9;t&#xE9; pluraliste.</subfield>
  </datafield>
  <datafield tag="690" ind1=" " ind2=" ">
    <subfield code="a">eccl&#xE9;siologie</subfield>
  </datafield>
  <datafield tag="690" ind1=" " ind2=" ">
    <subfield code="a">&#xC9;glise catholique aux Philippines</subfield>
  </datafield>
  <datafield tag="690" ind1=" " ind2=" ">
    <subfield code="a">&#xE9;thique sexuelle</subfield>
  </datafield>
  <datafield tag="690" ind1=" " ind2=" ">
    <subfield code="a">&#xE9;thique th&#xE9;ologique</subfield>
  </datafield>
  <datafield tag="690" ind1=" " ind2=" ">
    <subfield code="a">guerres culturelles</subfield>
  </datafield>
  <datafield tag="690" ind1=" " ind2=" ">
    <subfield code="a">nationalisme</subfield>
  </datafield>
  <datafield tag="690" ind1=" " ind2=" ">
    <subfield code="a">relations &#xC9;glise-&#xC9;tat</subfield>
  </datafield>
  <datafield tag="690" ind1=" " ind2=" ">
    <subfield code="a">s&#xE9;cularisation</subfield>
  </datafield>
  <datafield tag="690" ind1=" " ind2=" ">
    <subfield code="a">th&#xE9;ologie postcoloniale</subfield>
  </datafield>
  <datafield tag="690" ind1=" " ind2=" ">
    <subfield code="a">Catholic Church in the Philippines</subfield>
  </datafield>
  <datafield tag="690" ind1=" " ind2=" ">
    <subfield code="a">Church-State relations</subfield>
  </datafield>
  <datafield tag="690" ind1=" " ind2=" ">
    <subfield code="a">culture wars</subfield>
  </datafield>
  <datafield tag="690" ind1=" " ind2=" ">
    <subfield code="a">ecclesiology</subfield>
  </datafield>
  <datafield tag="690" ind1=" " ind2=" ">
    <subfield code="a">nationalism</subfield>
  </datafield>
  <datafield tag="690" ind1=" " ind2=" ">
    <subfield code="a">postcolonial theology</subfield>
  </datafield>
  <datafield tag="690" ind1=" " ind2=" ">
    <subfield code="a">secularization</subfield>
  </datafield>
  <datafield tag="690" ind1=" " ind2=" ">
    <subfield code="a">sexual ethics</subfield>
  </datafield>
  <datafield tag="690" ind1=" " ind2=" ">
    <subfield code="a">theological ethics</subfield>
  </datafield>
  <datafield tag="786" ind1="0" ind2=" ">
    <subfield code="n">Analecta Bruxellensia | 26 | 2 | 2024-10-19 | p. 153-181 | 1372-7281</subfield>
  </datafield>
  <datafield tag="856" ind1="4" ind2="1">
    <subfield code="u">https://shs.cairn.info/journal-analecta-bruxellensia-2024-2-page-153?lang=en&amp;redirect-ssocas=7080</subfield>
  </datafield>
  <datafield tag="999" ind1=" " ind2=" ">
    <subfield code="c">1852193</subfield>
    <subfield code="d">1852193</subfield>
  </datafield>
</record>
